000 00724cam a2200253 4500
001 J83839
008 090401t1997 xxu||||| |||| 00| 0 eng d
020 _a1859460291
035 _a(Sirsi) u78225
041 _aeng
050 _a331.2166
110 _aRoyal Institute of British Architects
_92527
245 _aEngaging an architect : guidance for clients on party wall procedures : the Party Wall etc. Act 1996.
260 _aLondon
_bRIBA Publications
_c1997
300 _a8p. ; 30cm.
350 _a5
650 _aARCHITECTS
650 _aCONDITIONS OF ENGAGEMENT
650 _aPARTY WALL ETC. ACT 1996
650 _aParty walls
_96258
690 _aBUILT ENVIRONMENT
942 _n0
948 _c08/05/1997
999 _c96409
_d96409